Enciclopedia universal del estudiante (Registro nro. 13807)
[ vista simple ]
| 000 -Líder | |
|---|---|
| fixed length control field | 01037nas a2200169 4500 |
| 005 - Fecha y hora de la última transacción | |
| Campo de control | 20250505173644.0 |
| 008 - Elementos de longitud fija--Información general | |
| Campo de control de longitud fija | 250505b xxu||||| |||| 00| 0 spa d |
| 022 ## - Número Internacional de Publicaciones Seriadas | |
| Número Internacional de Publicaciones Seriadas (ISSN) | 9788449440915 |
| 082 ## - Clasificación Decimal Dewey | |
| Número de clasificación | R 030 E56e |
| 245 ## - Título propiamente dicho | |
| Título | Enciclopedia universal del estudiante |
| 260 ## - PUBLICACIÓN, DISTRIBUCIÓN, ETC. | |
| Lugar de publicación | España |
| 260 ## - PUBLICACIÓN, DISTRIBUCIÓN, ETC. | |
| Editorial | OCEANO |
| 440 ## - Declaración de serie/asiento adicional--título | |
| Título de la serie | Enciclopedia universal del estudiante |
| 505 ## - Nota de contenido | |
| Nota de contenido | Volumen 1-8 |
| 942 ## - Punto de acceso adicional KOHA | |
| Punto de acceso adicional KOHA | Revista |
| Source of classification or shelving scheme | Signatura completa | Código de barras | Tipo de ítem |
|---|---|---|---|
| Dewey Decimal Classification | R 030 E56e | VOL 1-8 | Revista |